000 00376nam a2200157Ia 4500
100 _aKozierok/Charles M
650 _aTCP/IP
942 _cBK
366 _f20
245 _aTCP/IP Guide:Comprehensive illustrated internet protocols reference
260 _bShroff Publishers
_c2005
082 _a4.62
_bKOZ
300 _a1539
546 _aENGLISH
_cComputers
999 _c26737
_d26737